000 00874nam a2200289 i 4500
001 000013709
003 DO-SdBNP
005 20251013103715.0
007 ta
008 091127s1996 dr d 000 0 spa d
040 _aDO-SdBNP
_bspa
_cBNPHU
_erda
041 _aspa
049 _aBNPD
082 4 _axxx
_bA485r
_222
100 1 _aAmaro Guzmán, Raymundo,
_eautor
_4aut.
_9656
245 1 0 _aDerecho y práctica de la función pública /
_cRaymundo Amaro Guzmán.
264 4 _aSanto Domingo :
_bONAP,
_c©1996.
300 _a610 páginas :
_bdiagramas;
_c21 cm.
336 _atexto
_btxt
_2rdacontent
337 _asin mediación
_bn
_2rdamedia
338 _avolumen
_bnc
_2rdacarrier
490 1 _aReforma del Estado
_v5
500 _aHomenaje a Jorge Morales Yordán
590 _aInventariado, 2025/BT
830 0 _aReforma del Estado
_v 5
_919983
942 _2ddc
_cLBS1
999 _c13322
_d13322